[Event "DEM U12 2005"]
[Site "Willingen GER"]
[Date "2005.05.20"]
[Round "9"]
[White "Kartsev, Alexandr"]
[Black "Lobmeyer, Fabian"]
[Result "0-1"]
[Termination "normal"]
[Board "8"]
[WhiteElo "1600"]
[BlackElo "1616"]
[PlyCount "98"]
[WhiteFideId "24647110"]
[BlackFideId "24659681"]
[EventCountry "GER"]
[EventRounds "11"]
[EventType "swiss"]
[EventDate "2005.05.15"]

1. d4 Nf6 2. Bg5 Ne4 3. Bf4 c5 4. f3 Qa5+ 5. Nd2 Nf6 6. dxc5 Qxc5 7. Nb3 Qb6 8.
Qd4 Qxd4 9. Nxd4 a6 10. O-O-O e6 11. e4 Nc6 12. Nge2 h6 13. Nc3 Nh5 14. Be3 Bc5
15. Nf5 Bxe3+ 16. Nxe3 b5 17. g4 Nf4 18. Ne2 Nxe2+ 19. Bxe2 g5 20. h4 f6 21.
hxg5 fxg5 22. Rh5 Ne5 23. Rdh1 Nf7 24. c4 Bb7 25. a3 Rc8 26. Kd2 bxc4 27. Nxc4
d5 28. exd5 Bxd5 29. Nb6 Rb8 30. Na4 Bc6 31. Bd1 Rd8+ 32. Ke3 Rxd1 33. Rxd1
Bxa4 34. Rd4 Bd7 35. Rb4 O-O 36. Rb7 Bc8 37. Rc7 Rd8 38. Rh2 Kf8 39. Rhc2 Bd7
40. f4 gxf4+ 41. Kxf4 e5+ 42. Kg3 Bb5 43. Rf2 Rd3+ 44. Kh4 Be8 45. Rf6 a5 46.
Rc5 Kg7 47. Re6 Bd7 48. Rb6 Ng5 49. Rb7 Rh3# 0-1

[Event "DEM U12 2005"]
[Site "Willingen GER"]
[Date "2005.05.20"]
[Round "9"]
[White "Grimm, Pascal"]
[Black "Kotainy, Jens"]
[Result "1-0"]
[Termination "normal"]
[Board "9"]
[WhiteElo "1838"]
[BlackElo "1624"]
[PlyCount "60"]
[WhiteFideId "24620122"]
[BlackFideId "24670499"]
[EventCountry "GER"]
[EventRounds "11"]
[EventType "swiss"]
[EventDate "2005.05.15"]

1. c4 Nf6 2. Nc3 g6 3. d4 Bg7 4. e4 d6 5. f3 Nbd7 6. Be3 e5 7. d5 O-O 8. Nh3 a5
9. Nf2 b6 10. a3 Nh5 11. Nd3 f5 12. Rc1 f4 13. Bf2 Nc5 14. b4 Nxd3+ 15. Bxd3
axb4 16. axb4 Nf6 17. c5 g5 18. cxb6 cxb6 19. Na4 Rb8 20. Rc6 Nd7 21. Rxd6 Qe7
22. Rc6 Qxb4+ 23. Ke2 g4 24. Qc2 gxf3+ 25. gxf3 Bb7 26. Rb1 Qa5 27. Bxb6 Nxb6
28. Rcxb6 Rfc8 29. Qd1 Qa7 30. Qb3 Rc7 1-0

[Event "DEM U12 2005"]
[Site "Willingen GER"]
[Date "2005.05.20"]
[Round "9"]
[White "Kusmierek, Kasper"]
[Black "Wang, Zhangxian"]
[Result "1-0"]
[Termination "normal"]
[Board "10"]
[WhiteElo "1543"]
[BlackElo "1734"]
[PlyCount "47"]
[EventCountry "GER"]
[EventRounds "11"]
[EventType "swiss"]
[EventDate "2005.05.15"]

1. e4 c6 2. Nc3 d5 3. Nf3 dxe4 4. Nxe4 Nf6 5. Nxf6+ gxf6 6. d4 Bg4 7. Be2 e6 8.
Bf4 Bd6 9. Qd2 Qc7 10. Bxd6 Qxd6 11. O-O Nd7 12. h3 Bh5 13. Rfe1 f5 14. Kh1
O-O-O 15. Qa5 Kb8 16. c4 Qc7 17. Qxc7+ Kxc7 18. d5 cxd5 19. cxd5 Rhe8 20. Ng5
Bg6 21. f4 e5 22. fxe5 Rxe5 23. Nf3 Re7 24. d6+ 1-0

[Event "DEM U12 2005"]
[Site "Willingen GER"]
[Date "2005.05.20"]
[Round "9"]
[White "Bräuer, Franz"]
[Black "Hager, Joshua Aarash"]
[Result "0-1"]
[Termination "normal"]
[Board "11"]
[WhiteElo "1546"]
[BlackElo "1632"]
[PlyCount "122"]
[WhiteFideId "24634468"]
[BlackFideId "24642789"]
[EventCountry "GER"]
[EventRounds "11"]
[EventType "swiss"]
[EventDate "2005.05.15"]

1. e4 e5 2. Nf3 Nc6 3. Bb5 a6 4. Ba4 Nf6 5. Qe2 b5 6. Bb3 Bc5 7. c3 O-O 8. O-O
d6 9. d3 Be6 10. Bg5 Bb6 11. Rd1 h6 12. Bh4 Na5 13. Bc2 c5 14. Nbd2 Nc6 15. Nf1
Nb8 16. Ne3 Nbd7 17. h3 Re8 18. Nh2 Qc8 19. Nhg4 Nh7 20. Nf5 Bxf5 21. exf5 Ndf8
22. f6 Ng6 23. Bg3 Nxf6 24. Nxf6+ gxf6 25. Qh5 Kg7 26. Re1 Qd7 27. Re2 f5 28.
Rae1 f4 29. Bh2 Qe7 30. Qg4 Qg5 31. Qxg5 hxg5 32. Kf1 Nh4 33. f3 Nf5 34. Bb3
Ne3+ 35. Kg1 c4 36. dxc4 Nc2+ 37. Kf1 Nxe1 38. Rxe1 bxc4 39. Bxc4 a5 40. Bd5
Rac8 41. Bg1 Bxg1 42. Kxg1 Kf6 43. Kf2 a4 44. Re4 a3 45. bxa3 Rxc3 46. Bb3 Rec8
47. Ra4 Ke7 48. Ra7+ R3c7 49. Ra5 f6 50. a4 Rd7 51. Ra6 Rcc7 52. Ra8 d5 53. Ra6
Rd6 54. Ra8 d4 55. Ke2 Rdc6 56. Kd3 Rc3+ 57. Ke4 d3 58. Ra6 d2 59. Re6+ Kd7 60.
Rxf6 Rxb3 61. axb3 d1=Q 0-1

[Event "DEM U12 2005"]
[Site "Willingen GER"]
[Date "2005.05.20"]
[Round "9"]
[White "Berchtenbreiter, Maximilian"]
[Black "Grünter, Martin"]
[Result "1-0"]
[Termination "normal"]
[Board "12"]
[WhiteElo "1631"]
[BlackElo "1574"]
[PlyCount "55"]
[WhiteFideId "24641120"]
[BlackFideId "24640352"]
[EventCountry "GER"]
[EventRounds "11"]
[EventType "swiss"]
[EventDate "2005.05.15"]

1. e4 c6 2. d4 d5 3. e5 Bf5 4. h4 h6 5. g4 Bd7 6. Nd2 c5 7. c3 e6 8. Ngf3 Nc6
9. a3 Rc8 10. b4 cxb4 11. cxb4 Qb6 12. Bb2 a6 13. Bd3 Nge7 14. Rc1 Na7 15. Nb3
Nec6 16. Nc5 a5 17. Nxd7 Kxd7 18. b5 Nxb5 19. Qb3 Nca7 20. Rxc8 Kxc8 21. O-O a4
22. Qxa4 Nc7 23. Rc1 Nc6 24. Bc3 Kb8 25. Rb1 Qa7 26. Qxc6 Be7 27. Ba5 Ne8 28.
Ba6 1-0

[Event "DEM U12 2005"]
[Site "Willingen GER"]
[Date "2005.05.20"]
[Round "9"]
[White "Günnigmann, Manuel"]
[Black "Hartmann, Nicolas"]
[Result "1-0"]
[Termination "normal"]
[Board "13"]
[WhiteElo "1625"]
[BlackElo "1474"]
[PlyCount "83"]
[WhiteFideId "24640360"]
[BlackFideId "24626481"]
[EventCountry "GER"]
[EventRounds "11"]
[EventType "swiss"]
[EventDate "2005.05.15"]

1. e4 c5 2. Nf3 Nc6 3. d4 cxd4 4. Nxd4 g6 5. Nc3 Bg7 6. Be3 Nf6 7. Bc4 O-O 8.
Bb3 a5 9. O-O a4 10. Nxa4 Nxe4 11. f3 Nf6 12. Qd2 e5 13. Nxc6 bxc6 14. Bb6 Qe8
15. Bc5 d5 16. Nb6 Nd7 17. Bxf8 Bxf8 18. Nxa8 Bc5+ 19. Kh1 Qd8 20. Bxd5 Bb7 21.
Bb3 Qc8 22. Rad1 Nf8 23. Qa5 Bd4 24. Qc7 Qxc7 25. Nxc7 Bxb2 26. Ne8 Ne6 27.
Bxe6 fxe6 28. Nf6+ Kg7 29. Rd7+ Kxf6 30. Rxb7 Bd4 31. g4 h6 32. h4 g5 33. h5 e4
34. fxe4+ Ke5 35. Re7 Bc5 36. Re8 Be3 37. a4 Bd2 38. Kg2 Bc3 39. Kf3 Bd2 40.
Ra1 Bc3 41. Ra2 Ba5 42. Rh8 1-0

[Event "DEM U12 2005"]
[Site "Willingen GER"]
[Date "2005.05.20"]
[Round "9"]
[White "Huhnstock, Rico"]
[Black "Jussupow, Alexander"]
[Result "1/2-1/2"]
[Termination "normal"]
[Board "14"]
[WhiteElo "1424"]
[BlackElo "1943"]
[PlyCount "59"]
[WhiteFideId "24642932"]
[BlackFideId "24613509"]
[EventCountry "GER"]
[EventRounds "11"]
[EventType "swiss"]
[EventDate "2005.05.15"]

1. e4 e5 2. Nf3 Nf6 3. Nxe5 d6 4. Nf3 Nxe4 5. d3 Nf6 6. d4 Be7 7. Be2 O-O 8.
O-O Be6 9. Bf4 Nbd7 10. h3 Nb6 11. Nbd2 Nfd5 12. Bg3 Bg5 13. Ne4 Bh6 14. c4 Nf4
15. Bxf4 Bxf4 16. b3 Bf5 17. Bd3 Qd7 18. Qc2 Bg6 19. Rfe1 Rae8 20. Neg5 f5 21.
g3 Bxg5 22. Nxg5 c5 23. d5 Na8 24. Ne6 Rf6 25. Qd2 Nc7 26. Nxc7 Rxe1+ 27. Rxe1
Qxc7 28. Qc2 Qd7 29. Qe2 Kf7 30. Kg2 1/2-1/2

[Event "DEM U12 2005"]
[Site "Willingen GER"]
[Date "2005.05.20"]
[Round "9"]
[White "Braun, Georg"]
[Black "Weber, Raphael"]
[Result "1/2-1/2"]
[Termination "normal"]
[Board "15"]
[WhiteElo "1493"]
[BlackElo "1721"]
[PlyCount "65"]
[WhiteFideId "24629383"]
[BlackFideId "24644110"]
[EventCountry "GER"]
[EventRounds "11"]
[EventType "swiss"]
[EventDate "2005.05.15"]

1. e4 e5 2. Nf3 Nc6 3. Bc4 Be7 4. O-O d6 5. Bb3 Nf6 6. d3 Bg4 7. h3 Bh5 8. c3
O-O 9. Re1 h6 10. Nbd2 Nh7 11. Nf1 Ng5 12. Bxg5 Bxg5 13. Ng3 Bg6 14. d4 Bf6 15.
d5 Nb8 16. Ba4 Nd7 17. b4 Be7 18. c4 f5 19. exf5 Bxf5 20. Nxf5 Rxf5 21. Qd3 Rf7
22. Bxd7 Qxd7 23. Nd2 Raf8 24. Ne4 Bh4 25. Re2 Qf5 26. Qe3 a6 27. Rf1 Qg6 28.
Kh1 Qh5 29. f3 Qg6 30. Kg1 Bg3 31. Nxg3 Qxg3 32. Qf2 Qf4 33. Re4 1/2-1/2

[Event "DEM U12 2005"]
[Site "Willingen GER"]
[Date "2005.05.20"]
[Round "9"]
[White "Schmitt, Philipp"]
[Black "Höfer, Michael"]
[Result "1-0"]
[Termination "normal"]
[Board "16"]
[WhiteElo "1705"]
[BlackElo "1507"]
[PlyCount "43"]
[WhiteFideId "24641766"]
[BlackFideId "24668850"]
[EventCountry "GER"]
[EventRounds "11"]
[EventType "swiss"]
[EventDate "2005.05.15"]

1. e4 c5 2. Nf3 Nc6 3. d4 cxd4 4. Nxd4 g6 5. c4 Bg7 6. Be3 Nf6 7. Nc3 d6 8. Be2
O-O 9. O-O a6 10. Qd3 Qc7 11. f3 Ne5 12. b3 Bd7 13. Rac1 Rac8 14. h3 Bc6 15.
Nxc6 Nxc6 16. Nd5 Qb8 17. Bg5 Nxd5 18. cxd5 Qa7+ 19. Kh1 f6 20. Be3 Nd4 21.
Bxd4 Rxc1 22. Bxa7 1-0

[Event "DEM U12 2005"]
[Site "Willingen GER"]
[Date "2005.05.20"]
[Round "9"]
[White "Brumme, Jan"]
[Black "Boos, Philipp"]
[Result "0-1"]
[Termination "normal"]
[Board "17"]
[WhiteElo "1487"]
[BlackElo "1586"]
[PlyCount "128"]
[EventCountry "GER"]
[EventRounds "11"]
[EventType "swiss"]
[EventDate "2005.05.15"]

1. e4 d5 2. exd5 Qxd5 3. Nc3 Qa5 4. d4 c6 5. Nf3 Bf5 6. Bc4 e6 7. Bd2 Nf6 8.
Qe2 Qc7 9. O-O-O Bd6 10. Nh4 Bg6 11. Nxg6 hxg6 12. h4 Nbd7 13. f3 O-O-O 14. g4
Nb6 15. Bb3 Bf4 16. Be3 Rd7 17. Kb1 Bxe3 18. Qxe3 Rhd8 19. h5 gxh5 20. gxh5
Nbd5 21. Nxd5 Nxd5 22. Qg1 Qf4 23. Qg4 Qxg4 24. fxg4 Ne3 25. Rde1 Nxg4 26. c3
Nf6 27. Reg1 Rh8 28. Rxg7 Rxh5 29. Rf1 Rh6 30. Kc2 Kd8 31. Rf2 c5 32. Kd3 cxd4
33. cxd4 Rc7 34. Ba4 Ke7 35. Bb3 a6 36. Ke2 b5 37. Kd3 a5 38. Re2 a4 39. Bc2
Nd5 40. Kd2 Kf8 41. Rg1 Rh4 42. Be4 Rc4 43. Bxd5 Rhxd4+ 44. Ke1 Rxd5 45. Rg3
Rc1+ 46. Kf2 Rf5+ 47. Kg2 Ke7 48. b3 a3 49. Rg8 Rb1 50. Kh3 Rh5+ 51. Kg4 Rg1+
52. Kxh5 Rxg8 53. Re5 Rb8 54. Kg4 f6 55. Re2 f5+ 56. Kf4 Kf6 57. Re5 b4 58. Rc5
Rd8 59. Ke3 Rh8 60. Rb5 Rh2 61. Rxb4 Rxa2 62. Ra4 Ra1 63. b4 a2 64. Kf2 Rh1 0-1

[Event "DEM U12 2005"]
[Site "Willingen GER"]
[Date "2005.05.20"]
[Round "9"]
[White "Stahnecker, Wieland"]
[Black "Fittkau, Nico"]
[Result "0-1"]
[Termination "normal"]
[Board "18"]
[WhiteElo "1576"]
[BlackElo "1369"]
[PlyCount "118"]
[WhiteFideId "4694481"]
[EventCountry "GER"]
[EventRounds "11"]
[EventType "swiss"]
[EventDate "2005.05.15"]

1. e4 c5 2. Nf3 d6 3. d4 cxd4 4. Nxd4 Nf6 5. Nc3 a6 6. Be3 e6 7. f4 b5 8. Qf3
Bb7 9. Bd3 Be7 10. O-O O-O 11. a3 Nbd7 12. Rae1 Rc8 13. Qg3 Kh8 14. Qh3 e5 15.
Nf5 g6 16. Ng3 Ng8 17. f5 Qc7 18. Nh1 Nc5 19. g4 Nxd3 20. cxd3 Qd8 21. Qg2 Bg5
22. Bxg5 Qxg5 23. Nf2 Nh6 24. Re2 gxf5 25. gxf5 Qxg2+ 26. Kxg2 Nxf5 27. Nfd1
Rg8+ 28. Kh1 Nh6 29. Ne3 Rg5 30. Ref2 Kg7 31. Nf5+ Nxf5 32. Rxf5 Rxf5 33. Rxf5
f6 34. Kg1 Rg8 35. Kf2 Bc8 36. Rf3 Be6 37. Rg3+ Kh6 38. Rxg8 Bxg8 39. Ne2 Kg5
40. Kg3 d5 41. Nc3 dxe4 42. dxe4 Bc4 43. Nd1 Be2 44. Ne3 Bd3 45. Kf3 h5 46. Nf5
h4 47. Ne3 Bc4 48. h3 Be6 49. Nf1 Bxh3 50. Nh2 Be6 51. Ke3 Bg4 52. Nf1 f5 53.
Nh2 Bh5 54. Kd3 Kf4 55. exf5 Kxf5 56. Ke3 Bg4 57. Kf2 Kf4 58. Kg2 e4 59. Kf2
e3+ 0-1

[Event "DEM U12 2005"]
[Site "Willingen GER"]
[Date "2005.05.20"]
[Round "9"]
[White "Weissbeck, Simon"]
[Black "Dünzel, Jonas"]
[Result "0-1"]
[Termination "normal"]
[Board "21"]
[WhiteElo "1439"]
[BlackElo "1516"]
[PlyCount "74"]
[WhiteFideId "24646865"]
[BlackFideId "24631167"]
[EventCountry "GER"]
[EventRounds "11"]
[EventType "swiss"]
[EventDate "2005.05.15"]

1. e4 c5 2. c3 Nf6 3. e5 Nd5 4. d4 cxd4 5. Nf3 Nc6 6. cxd4 d6 7. Be2 Bf5 8. a3
Rc8 9. O-O e6 10. Bd2 Be7 11. Nc3 Nb6 12. Bf4 d5 13. Rc1 g5 14. Be3 g4 15. Nd2
h5 16. f4 Rg8 17. g3 h4 18. Kg2 Kd7 19. Rh1 Rg6 20. Nb3 a6 21. Bd3 Nc4 22. Bxc4
dxc4 23. Nd2 b5 24. Nde4 Ke8 25. Kf2 a5 26. Nd2 Rb8 27. Ne2 Bd3 28. b3 Bxa3 29.
Ra1 Bb2 30. Ra2 c3 31. Nf1 Bxe2 32. Kxe2 Nb4 33. Rxb2 cxb2 34. Qb1 Qd5 35. Nd2
Rc8 36. gxh4 Rc2 37. Rf1 Qe4 0-1

[Event "DEM U12 2005"]
[Site "Willingen GER"]
[Date "2005.05.20"]
[Round "9"]
[White "Schiffner, Kevin"]
[Black "Petermann, Michail"]
[Result "0-1"]
[Termination "normal"]
[Board "22"]
[WhiteElo "1429"]
[BlackElo "1551"]
[PlyCount "76"]
[WhiteFideId "24674940"]
[BlackFideId "24643530"]
[EventCountry "GER"]
[EventRounds "11"]
[EventType "swiss"]
[EventDate "2005.05.15"]

1. d4 Nf6 2. c4 e6 3. Nc3 d5 4. Nf3 c6 5. Bg5 Bb4 6. Qc2 h6 7. Bh4 Qa5 8. Bxf6
gxf6 9. e3 Nd7 10. cxd5 cxd5 11. Be2 Rg8 12. O-O a6 13. Qh7 Rf8 14. Rfc1 b5 15.
Qxh6 Bb7 16. a3 Bd6 17. Qh7 f5 18. g3 Nf6 19. Qh4 Ke7 20. Qh3 Ne4 21. Nxe4 dxe4
22. Ne1 Rh8 23. Qf1 Rac8 24. Ng2 Qd2 25. b4 Rxc1 26. Rxc1 Qb2 27. Ra1 Rc8 28.
Bh5 Rc2 29. Qb1 Rxf2 30. Qxb2 Rxb2 31. Nf4 e5 32. dxe5 Bxe5 33. Rd1 Bxf4 34.
gxf4 Rb3 35. Bxf7 Rxe3 36. Bg6 Ke6 37. Ra1 Rf3 38. h4 Rg3+ 0-1

[Event "DEM U12 2005"]
[Site "Willingen GER"]
[Date "2005.05.20"]
[Round "9"]
[White "Marx, Joschka"]
[Black "Blübaum, Johanna"]
[Result "0-1"]
[Termination "normal"]
[Board "23"]
[WhiteElo "1419"]
[BlackElo "1542"]
[PlyCount "68"]
[WhiteFideId "24645869"]
[BlackFideId "24647373"]
[EventCountry "GER"]
[EventRounds "11"]
[EventType "swiss"]
[EventDate "2005.05.15"]

1. e4 e6 2. d4 d5 3. exd5 exd5 4. Bd3 Nc6 5. c3 Bd6 6. Nf3 Bg4 7. Nbd2 Nge7 8.
O-O Qd7 9. Re1 O-O-O 10. Qa4 Bf5 11. Bxf5 Qxf5 12. Nf1 f6 13. Ne3 Qh5 14. h3 g5
15. Ng4 Rhf8 16. Ngh2 h6 17. Qd1 f5 18. Ne5 Qxd1 19. Rxd1 Bxe5 20. dxe5 Nxe5
21. b3 N7g6 22. Ba3 Rfe8 23. g3 c6 24. Kg2 Re6 25. Nf3 Nxf3 26. Kxf3 Rde8 27.
Rd2 Ne5+ 28. Kg2 Nd7 29. Rad1 Nf6 30. Rd3 Re2 31. R3d2 R8e3 32. Bb2 Ne4 33. Kg1
Rxd2 34. Rxd2 Re1+ 0-1

[Event "DEM U12 2005"]
[Site "Willingen GER"]
[Date "2005.05.20"]
[Round "9"]
[White "Ohnmacht, Simon"]
[Black "Wild, Katharina"]
[Result "1-0"]
[Termination "normal"]
[Board "24"]
[WhiteElo "1516"]
[BlackElo "1294"]
[PlyCount "63"]
[WhiteFideId "24672980"]
[BlackFideId "24678015"]
[EventCountry "GER"]
[EventRounds "11"]
[EventType "swiss"]
[EventDate "2005.05.15"]

1. b3 d5 2. Bb2 c6 3. f4 Bf5 4. e3 e6 5. Nf3 Nf6 6. Be2 h6 7. O-O Be7 8. Ne5
Nbd7 9. d3 O-O 10. Nd2 Bc5 11. Rf3 Nxe5 12. Bxe5 Ng4 13. Bd4 Bxd4 14. exd4 Qb6
15. c3 c5 16. h3 cxd4 17. hxg4 dxc3+ 18. Rf2 cxd2 19. gxf5 Qd4 20. Rb1 Qe3 21.
Bf1 exf5 22. Qxd2 d4 23. Qxe3 dxe3 24. Rf3 Rfe8 25. Re1 e2 26. Rxe2 Rxe2 27.
Bxe2 Rc8 28. Rf2 Kf8 29. Bf3 Rc7 30. Re2 b6 31. Kf2 Rd7 32. Re3 1-0

[Event "DEM U12 2005"]
[Site "Willingen GER"]
[Date "2005.05.20"]
[Round "9"]
[White "Begeluri, Nino"]
[Black "Müller, Tobias"]
[Result "1-0"]
[Termination "normal"]
[Board "25"]
[WhiteElo "1167"]
[BlackElo "1493"]
[PlyCount "163"]
[BlackFideId "24643394"]
[EventCountry "GER"]
[EventRounds "11"]
[EventType "swiss"]
[EventDate "2005.05.15"]

1. e4 c5 2. Nf3 d6 3. c3 Nf6 4. Be2 Bd7 5. d3 Nc6 6. O-O e6 7. Re1 Be7 8. Bf1
O-O 9. d4 cxd4 10. cxd4 Rc8 11. Nc3 a6 12. h3 h6 13. Be3 d5 14. e5 Nh7 15. Qd2
b5 16. a3 Rb8 17. b4 Rc8 18. Rab1 Rc7 19. Nh2 Qc8 20. Rec1 Qb7 21. Rb3 Rfc8 22.
Ne2 Ng5 23. Bxg5 Bxg5 24. f4 Be7 25. Rcc3 Qb6 26. Nf3 Bf8 27. Kh1 Nd8 28. Rxc7
Rxc7 29. Rc3 Rxc3 30. Qxc3 Qc6 31. Qxc6 Nxc6 32. Nc1 Bc8 33. Na2 Be7 34. Kg1 f6
35. g4 Kf8 36. Kf2 Ke8 37. Ke3 Kd7 38. Nd2 Kc7 39. Nb3 Kb6 40. Nc3 Na7 41. exf6
Bxf6 42. Bd3 Nc6 43. Bg6 Kc7 44. Ne2 Kd6 45. Be8 Ne7 46. Nc5 Nc6 47. Bxc6 Kxc6
48. Nb3 g5 49. Na5+ Kd6 50. Nb3 gxf4+ 51. Nxf4 Bg5 52. Kf3 e5 53. Ng2 e4+ 54.
Ke2 Bf6 55. Ke3 Bg5+ 56. Nf4 Kc7 57. Nc1 Kb6 58. Nb3 Kc7 59. Nc1 Kd6 60. Nce2
Kc6 61. Kd2 Kd6 62. Kc3 Kc6 63. Ng6 Kd6 64. Nef4 Bxf4 65. Nxf4 Bb7 66. Kd2 Ke7
67. h4 Kf6 68. Ke3 Kg7 69. Ne6+ Kf6 70. Nc5 Ba8 71. Nxa6 Bb7 72. Nc5 Bc6 73.
Kf4 Kg6 74. h5+ Kf6 75. Nb3 Bb7 76. Nd2 Bc6 77. Nf1 Bb7 78. Ne3 Bc6 79. Nf5 Kf7
80. Nxh6+ Kg7 81. Nf5+ Kf6 82. h6 1-0

[Event "DEM U12 2005"]
[Site "Willingen GER"]
[Date "2005.05.20"]
[Round "9"]
[White "Wilke, Friedrich"]
[Black "Kazman, Caner"]
[Result "1-0"]
[Termination "normal"]
[Board "26"]
[WhiteElo "1458"]
[BlackElo "1283"]
[PlyCount "51"]
[BlackFideId "24684953"]
[EventCountry "GER"]
[EventRounds "11"]
[EventType "swiss"]
[EventDate "2005.05.15"]

1. c4 e5 2. Nc3 Nf6 3. Nf3 Bc5 4. Nxe5 O-O 5. d4 Bb4 6. Qb3 a5 7. Bd2 d6 8. Nf3
Bg4 9. g3 Bxf3 10. exf3 Re8+ 11. Be3 Nc6 12. Rd1 Qd7 13. Bg2 Qf5 14. O-O Rad8
15. a3 Bxc3 16. Qxc3 d5 17. c5 b6 18. cxb6 Qd7 19. bxc7 Qxc7 20. Rc1 Rc8 21.
Bh3 Nd7 22. Qb3 Qa7 23. Qxd5 Nf6 24. Qc5 Qxc5 25. Rxc5 Rc7 26. d5 1-0

[Event "DEM U12 2005"]
[Site "Willingen GER"]
[Date "2005.05.20"]
[Round "9"]
[White "Hohmann, Louisa"]
[Black "Hubbuch, Fabian"]
[Result "1-0"]
[Termination "normal"]
[Board "27"]
[WhiteElo "1301"]
[BlackElo "1452"]
[PlyCount "45"]
[EventCountry "GER"]
[EventRounds "11"]
[EventType "swiss"]
[EventDate "2005.05.15"]

1. e4 e5 2. Nf3 Nc6 3. Bb5 a6 4. Ba4 b5 5. Bb3 Nf6 6. d4 exd4 7. O-O Bc5 8. Bg5
d6 9. c3 dxc3 10. Nxc3 h6 11. Bxf6 gxf6 12. Qd5 Qd7 13. e5 fxe5 14. Ne4 Kd8 15.
Nf6 Qe7 16. Qxc6 Rb8 17. Nd5 Qd7 18. Qxd7+ Bxd7 19. Nf6 Bc6 20. Nd5 Rg8 21.
Rfd1 Rb6 22. Nxe5 Bb7 23. Nxf7+ 1-0

[Event "DEM U12 2005"]
[Site "Willingen GER"]
[Date "2005.05.20"]
[Round "9"]
[White "Meyer, Stephan"]
[Black "Dorn, Carina"]
[Result "0-1"]
[Termination "normal"]
[Board "29"]
[WhiteElo "1395"]
[BlackElo "1554"]
[PlyCount "46"]
[BlackFideId "24666335"]
[EventCountry "GER"]
[EventRounds "11"]
[EventType "swiss"]
[EventDate "2005.05.15"]

1. e4 c5 2. Nf3 Nc6 3. d4 cxd4 4. Nxd4 g6 5. Nc3 Bg7 6. Be3 Nf6 7. f3 O-O 8.
Qd2 d5 9. e5 Nxe5 10. O-O-O b6 11. f4 Nc4 12. Bxc4 dxc4 13. Nc6 Qc7 14. Nd5
Nxd5 15. Qxd5 Bb7 16. Nxe7+ Qxe7 17. Qd2 Rfd8 18. Qf2 c3 19. Kb1 Qb4 20. b3 a5
21. Bxb6 Qa3 22. Rxd8+ Rxd8 23. Bxd8 Qb2# 0-1

[Event "DEM U12 2005"]
[Site "Willingen GER"]
[Date "2005.05.20"]
[Round "9"]
[White "Mirke, Roy"]
[Black "Wapenhans, Martin"]
[Result "1-0"]
[Termination "normal"]
[Board "30"]
[WhiteElo "1549"]
[BlackElo "1416"]
[PlyCount "81"]
[WhiteFideId "24647306"]
[EventCountry "GER"]
[EventRounds "11"]
[EventType "swiss"]
[EventDate "2005.05.15"]

1. b3 e5 2. Bb2 Nc6 3. e3 d5 4. Be2 a6 5. Nf3 Bd6 6. O-O Nf6 7. c4 O-O 8. d3
Qe7 9. Nbd2 Re8 10. Qc2 h6 11. Rac1 Ba3 12. h3 Bf5 13. cxd5 Bxb2 14. dxc6 Bxc1
15. Rxc1 b6 16. e4 Bg6 17. Nc4 Qc5 18. Ne3 Qxc2 19. Rxc2 Re6 20. b4 b5 21. Rc5
Rae8 22. g4 h5 23. Bd1 hxg4 24. hxg4 Nh7 25. a4 Kh8 26. axb5 axb5 27. Rd5 Rd6
28. Nxe5 Nf8 29. Rxb5 Rxe5 30. Rxe5 Rxd3 31. Bc2 Rd6 32. b5 f6 33. Rd5 Bxe4 34.
Rxd6 cxd6 35. c7 Bb7 36. Be4 Bc8 37. b6 Nd7 38. b7 Bxb7 39. Bxb7 Nb6 40. Nd5
Nc8 41. Bxc8 1-0

[Event "DEM U12 2005"]
[Site "Willingen GER"]
[Date "2005.05.20"]
[Round "9"]
[White "Kammrad, Carolin"]
[Black "Schulz, Anja"]
[Result "1-0"]
[Termination "normal"]
[Board "31"]
[WhiteElo "1385"]
[BlackElo "1444"]
[PlyCount "85"]
[BlackFideId "24647845"]
[EventCountry "GER"]
[EventRounds "11"]
[EventType "swiss"]
[EventDate "2005.05.15"]

1. e4 c5 2. Nf3 Nc6 3. d4 cxd4 4. Nxd4 g6 5. c4 Bg7 6. Be3 Nf6 7. Nc3 O-O 8.
Be2 d6 9. f3 Bd7 10. O-O Rc8 11. b3 Qa5 12. Qd2 Ne5 13. Nd5 Qd8 14. Bh6 Nxd5
15. exd5 Qb6 16. Bxg7 Kxg7 17. Kh1 f6 18. f4 Nf7 19. f5 Ne5 20. Ne6+ Bxe6 21.
fxe6 a6 22. Rf4 Rh8 23. Rh4 g5 24. Rh3 Qf2 25. Rf1 Qc5 26. Bd3 Nxd3 27. Qxd3 h5
28. Rg3 Rcg8 29. Qc3 Kf8 30. Rxf6+ Ke8 31. Rf7 Rf8 32. Rgf3 Rfg8 33. b4 Qb6 34.
c5 dxc5 35. Qxc5 Qxc5 36. bxc5 Rg6 37. Re3 Rhh6 38. Rf2 Rf6 39. Rxf6 Rxf6 40.
Kg1 Kd8 41. Rf3 Rxf3 42. gxf3 Kc7 43. Kf2 1-0

[Event "DEM U12 2005"]
[Site "Willingen GER"]
[Date "2005.05.20"]
[Round "9"]
[White "Mertens, Fridolin"]
[Black "Schätz, Annika"]
[Result "1/2-1/2"]
[Termination "normal"]
[Board "32"]
[WhiteElo "1443"]
[BlackElo "1386"]
[PlyCount "126"]
[WhiteFideId "24671940"]
[BlackFideId "24674796"]
[EventCountry "GER"]
[EventRounds "11"]
[EventType "swiss"]
[EventDate "2005.05.15"]

1. e4 c5 2. Nf3 d6 3. d4 cxd4 4. Nxd4 Nf6 5. Nc3 g6 6. Be3 Bg7 7. f3 O-O 8. Qd2
Nc6 9. O-O-O Nxd4 10. Bxd4 Be6 11. Kb1 b5 12. Nd5 Bxd5 13. exd5 Qc7 14. Rc1 b4
15. c4 bxc3 16. Qxc3 Qd7 17. Bc4 Rfc8 18. Qd3 Rab8 19. g4 Qa4 20. Bb3 Rxc1+ 21.
Rxc1 Qd7 22. Qc3 h6 23. Qc7 Qxc7 24. Rxc7 Nxd5 25. Bxd5 Bxd4 26. Bb3 e6 27. f4
d5 28. Rd7 a5 29. f5 a4 30. Bxa4 Rxb2+ 31. Kc1 Rxa2 32. fxe6 fxe6 33. Rd8+ Kf7
34. Rd7+ Kf6 35. Bc2 Ra1+ 36. Bb1 Ra7 37. Rd8 Bg1 38. h3 Ra3 39. Rg8 Rxh3 40.
Rxg6+ Ke5 41. g5 Be3+ 42. Kd1 hxg5 43. Ke2 d4 44. Bd3 Kd5 45. Rf6 e5 46. Rf7
Rh6 47. Kf3 Rh4 48. Rf5 Rf4+ 49. Rxf4 gxf4 50. Be4+ Kc4 51. Ke2 Kc3 52. Bf5 Bc1
53. Be4 f3+ 54. Bxf3 d3+ 55. Kf2 d2 56. Bd1 Ba3 57. Ke3 Bc5+ 58. Ke2 Bd4 59.
Ba4 e4 60. Bd1 e3 61. Ba4 Kb2 62. Bd1 Kc1 63. Ba4 Kb2 1/2-1/2

[Event "DEM U12 2005"]
[Site "Willingen GER"]
[Date "2005.05.20"]
[Round "9"]
[White "Dürre, Gregor"]
[Black "Kreutzer, Alexander"]
[Result "1/2-1/2"]
[Termination "normal"]
[Board "33"]
[WhiteElo "1319"]
[BlackElo "1442"]
[PlyCount "71"]
[BlackFideId "24670685"]
[EventCountry "GER"]
[EventRounds "11"]
[EventType "swiss"]
[EventDate "2005.05.15"]

1. e4 e5 2. Nf3 Nc6 3. Bc4 Nf6 4. d3 d6 5. h3 Be6 6. Bb3 Be7 7. Nc3 O-O 8. O-O
Na5 9. Ne2 Nxb3 10. axb3 Nd7 11. Ng3 f5 12. exf5 Bxf5 13. Re1 Be6 14. d4 Bd5
15. Re3 exd4 16. Nxd4 Bg5 17. Re1 Bxc1 18. Rxc1 Qf6 19. f3 Qg6 20. Kh2 Kh8 21.
c4 Bc6 22. Re6 Qg5 23. Nxc6 bxc6 24. Rc3 Nc5 25. Ne4 Nxe4 26. Rxe4 Rf6 27. Rg4
Qe5+ 28. Kh1 Re6 29. Re4 Qf5 30. Rce3 Rae8 31. Qd3 Rxe4 32. Rxe4 Rf8 33. g4 Qf6
34. Qe2 h6 35. Kg2 h5 36. Re6 1/2-1/2